| 000 | 00847na a2200277 4500 | ||
|---|---|---|---|
| 001 | 15973 | ||
| 003 | MIRAKIL | ||
| 005 | 20181213154729.0 | ||
| 008 | 161003b tu 000 0 | ||
| 035 | _a15973 | ||
| 040 |
_aMilas _btur _cTR-AnCHP |
||
| 041 | _atur | ||
| 082 |
_a305.42 _bK25h [t.y.] |
||
| 090 | _a305.42 K25h [t.y.] | ||
| 100 | _aKanbolat, Yahya | ||
| 245 |
_aHalide Edip Adıvar'ın romanlarında feminizm sorunu _cYahya Kanbolat |
||
| 246 | _aFeminizm sorunu | ||
| 260 |
_aAnkara _bBayır yayınları _c[t.y.] |
||
| 300 |
_a100 s. _c19 sm. |
||
| 600 |
_aAdıvar, Halide Edip _d1926-2000 _xAraştırma ve inceleme |
||
| 650 |
_aFeminizm, Edebiyatta _xAraştırma ve inceleme |
||
| 650 |
_aTürk edebiyatı _xAraştırma ve inceleme |
||
| 657 | _aFeminizmin edebi eleştirisi | ||
| 657 | _aFeminizm sorunu | ||
| 942 |
_2dcc _cBKS |
||
| 999 |
_c10 _d10 |
||